000 01185nam a2200301Ia 4500
003 OSt
005 20221007125421.0
006 a|||||r|||| 00| 0
007 ta
008 221006b |||||||| |||| 00| 0 eng d
020 _a0824706749 (hbd)
_c
_ 195.00
024 _a10314
037 _bEducational,
_cTextual
040 _aCDL
_cCDL
_beng
041 _2eng
_aeng
082 _aLZ3, P2
100 _aBanker Gilbert S Ed
_9721920
245 0 _aModern pharmaceutics ed by Gilbert S Banker and Christopher T Rhodes
_b Rhodes Christopher T Ed
250 _aEd 4
260 _aNew
_bYork Marcel Dekker, Inc.
_c2002
300 _axi, 838p
_ccm.
490 _aDruges and the pharmaceutical sciences; 121
500 _aIncludes bibliographical references; Index 833-838p; ^n23/CSL/CARC/2002-2003/110^d2003-01-21^fPurchase; ; 2002-03/686^b2003-02-03^cEBA/539/2002-03^d2003-01-23^eRs.2,048.92^fEducational Book Agency (India); ; 2003-04-01^bSB^c2003-04-18^dRPS
650 _aPharmacology
700 _a Rhodes Christopher T Ed
_9721921
942 _hLZ3, P2
_cTEXL
_2CC
999 _c1215241
_d1215241